000 00326nam a2200157Ia 4500
100 _aSimon/Richard
490 _vII
942 _cBK
654 _acomputer
245 _aCommon Controls & Messages Book 2
260 _bTechmedia
_c1998
082 _a005.139(W)SIM
300 _a959
546 _aENGLISH
999 _c27346
_d27346